[Event "World Youth & Cadets Rapid Championships"]
[Site "Rhodes, Greece"]
[Date "2022.05.01"]
[Round "5.27"]
[White "Kukushkin, Ivan"]
[Black "Ashwath, Kaushik"]
[Result "0-1"]
[TimeControl "10'/game & 5\"/move"]
[WhiteElo "1086"]
[BlackElo "1283"]

1. e4 {[%clk 00:10:09]} c5 {[%clk 00:10:08]} {[%emt 00:00:03]} 2. Nf3 {[%clk
00:10:12]} {[%emt 00:00:01]} a6 {[%clk 00:10:12]} {[%emt 00:00:02]} 3. d4
{[%clk 00:10:13]} {[%emt 00:00:04]} cxd4 {[%clk 00:10:14]} {[%emt 00:00:02]} 4.
Nxd4 {[%clk 00:10:16]} {[%emt 00:00:02]} Nf6 {[%clk 00:10:17]} {[%emt
00:00:02]} 5. Nc3 {[%clk 00:10:20]} {[%emt 00:00:02]} e5 {[%clk 00:10:20]}
{[%emt 00:00:02]} 6. Nf3 {[%clk 00:10:23]} {[%emt 00:00:02]} Bb4 {[%clk
00:10:22]} {[%emt 00:00:02]} 7. Bd3 {[%clk 00:10:25]} {[%emt 00:00:03]} d5
{[%clk 00:10:26]} {[%emt 00:00:01]} 8. exd5 {[%clk 00:10:22]} {[%emt 00:00:09]}
e4 {[%clk 00:10:28]} {[%emt 00:00:02]} 9. Bxe4 {[%clk 00:10:22]} {[%emt
00:00:05]} Nxe4 {[%clk 00:10:25]} {[%emt 00:00:08]} 10. Qe2 {[%clk 00:10:26]}
{[%emt 00:00:01]} Qe7 {[%clk 00:10:25]} {[%emt 00:00:06]} 11. O-O {[%clk
00:10:18]} {[%emt 00:00:12]} Nxc3 {[%clk 00:10:17]} {[%emt 00:00:13]} 12. Qxe7+
{[%clk 00:10:21]} {[%emt 00:00:02]} Kxe7 {[%clk 00:10:12]} {[%emt 00:00:10]} 13.
bxc3 {[%clk 00:10:23]} {[%emt 00:00:03]} Bxc3 {[%clk 00:10:06]} {[%emt
00:00:11]} 14. Ba3+ {[%clk 00:10:27]} Kd8 {[%clk 00:10:08]} {[%emt 00:00:03]}
15. Rad1 {[%clk 00:10:24]} {[%emt 00:00:08]} Bg4 {[%clk 00:10:03]} {[%emt
00:00:10]} 16. Rd3 {[%clk 00:10:28]} {[%emt 00:00:01]} Bf6 {[%clk 00:09:58]}
{[%emt 00:00:10]} 17. Re1 {[%clk 00:10:25]} {[%emt 00:00:08]} Nd7 {[%clk
00:09:50]} {[%emt 00:00:13]} 18. d6 {[%clk 00:10:24]} {[%emt 00:00:07]} Bxf3
{[%clk 00:09:46]} {[%emt 00:00:08]} 19. Rxf3 {[%clk 00:10:26]} {[%emt
00:00:02]} Re8 {[%clk 00:09:42]} {[%emt 00:00:09]} 20. Rb1 {[%clk 00:10:23]}
{[%emt 00:00:08]} Rc8 {[%clk 00:09:33]} {[%emt 00:00:15]} 21. h3 {[%clk
00:10:18]} {[%emt 00:00:10]} b5 {[%clk 00:09:32]} {[%emt 00:00:06]} 22. Bb4
{[%clk 00:10:20]} {[%emt 00:00:03]} Rxc2 {[%emt 00:00:13]} 23. Ba5+ {[%clk
00:10:21]} Kc8 {[%clk 00:09:29]} {[%emt 00:00:04]} 24. a4 {[%clk 00:10:22]} Ne5
{[%clk 00:08:05]} {[%emt 00:01:33]} 0-1

[Event "World Youth & Cadets Rapid Championships"]
[Site "Rhodes, Greece"]
[Date "2022.05.01"]
[Round "5.28"]
[White "Modith, Aaroh Mutyalapati"]
[Black "Popov, Aleksandr And"]
[Result "1-0"]
[TimeControl "10'/game & 5\"/move"]
[WhiteElo "1598"]
[BlackElo "1244"]

1. e4 {[%clk 00:10:09]} e5 {[%clk 00:10:09]} {[%emt 00:00:01]} 2. Nf3 {[%clk
00:10:13]} {[%emt 00:00:02]} Nc6 {[%clk 00:10:13]} {[%emt 00:00:01]} 3. Bb5
{[%clk 00:10:17]} {[%emt 00:00:01]} a6 {[%clk 00:10:16]} {[%emt 00:00:02]} 4.
Bxc6 {[%clk 00:10:21]} {[%emt 00:00:01]} dxc6 {[%clk 00:10:18]} {[%emt
00:00:02]} 5. Nc3 {[%clk 00:10:24]} {[%emt 00:00:03]} Bd6 {[%emt 00:00:18]} 6.
d4 {[%clk 00:10:27]} exd4 {[%clk 00:09:31]} {[%emt 00:00:41]} 7. Qxd4 {[%clk
00:10:30]} {[%emt 00:00:02]} Bf8 {[%clk 00:08:20]} {[%emt 00:01:16]} 8. Qxd8+
{[%clk 00:10:23]} {[%emt 00:00:12]} Kxd8 {[%clk 00:08:23]} {[%emt 00:00:02]} 9.
Bg5+ {[%clk 00:10:26]} {[%emt 00:00:02]} Be7 {[%clk 00:08:25]} {[%emt
00:00:03]} 10. O-O-O+ {[%clk 00:10:28]} {[%emt 00:00:02]} Ke8 {[%clk 00:08:26]}
{[%emt 00:00:04]} 11. Bxe7 {[%clk 00:10:31]} {[%emt 00:00:02]} Nxe7 {[%emt
00:00:05]} 12. Rd3 {[%clk 00:10:28]} {[%emt 00:00:06]} Bd7 {[%clk 00:08:25]}
{[%emt 00:00:09]} 13. Rhd1 {[%clk 00:10:31]} Be6 {[%clk 00:08:24]} {[%emt
00:00:07]} 14. Nd4 {[%clk 00:10:23]} {[%emt 00:00:13]} Bc4 {[%clk 00:07:48]}
{[%emt 00:00:40]} 15. Rf3 {[%emt 00:00:08]} f6 {[%clk 00:07:40]} {[%emt
00:00:13]} 16. b3 {[%clk 00:10:24]} {[%emt 00:00:02]} Bf7 {[%clk 00:07:32]}
{[%emt 00:00:12]} 17. Rg3 {[%clk 00:10:07]} {[%emt 00:00:23]} g5 {[%clk
00:07:14]} {[%emt 00:00:22]} 18. Nf5 {[%clk 00:09:26]} {[%emt 00:00:46]} Nxf5
{[%clk 00:07:14]} {[%emt 00:00:05]} 19. exf5 {[%clk 00:09:30]} {[%emt
00:00:03]} Kf8 {[%emt 00:00:30]} 20. Ne4 Kg7 {[%clk 00:06:51]} {[%emt
00:00:04]} 21. Rd7 {[%clk 00:09:17]} {[%emt 00:00:21]} Rac8 {[%clk 00:06:53]}
{[%emt 00:00:03]} 22. Nc5 {[%clk 00:09:21]} {[%emt 00:00:01]} Rhd8 {[%clk
00:06:27]} {[%emt 00:00:31]} 23. Ne6+ {[%clk 00:09:21]} {[%emt 00:00:05]} Kg8
{[%clk 00:06:26]} {[%emt 00:00:06]} 24. Rxd8+ {[%clk 00:09:23]} {[%emt
00:00:03]} Rxd8 {[%clk 00:06:28]} {[%emt 00:00:03]} 25. Nxd8 {[%clk 00:09:26]}
{[%emt 00:00:01]} Bd5 {[%clk 00:06:30]} {[%emt 00:00:03]} 26. Ne6 {[%clk
00:09:29]} {[%emt 00:00:02]} Kf7 {[%clk 00:06:28]} {[%emt 00:00:07]} 27. Nxc7
{[%clk 00:09:32]} {[%emt 00:00:02]} Be4 {[%clk 00:06:29]} {[%emt 00:00:04]} 28.
Ne6 {[%clk 00:09:34]} {[%emt 00:00:04]} Bxf5 {[%clk 00:06:28]} {[%emt
00:00:06]} 29. Nd4 {[%clk 00:09:37]} {[%emt 00:00:02]} Bd7 {[%clk 00:06:28]}
{[%emt 00:00:05]} 30. Rd3 {[%clk 00:09:40]} {[%emt 00:00:02]} Ke7 {[%clk
00:06:29]} {[%emt 00:00:03]} 31. Re3+ {[%clk 00:09:37]} {[%emt 00:00:08]} Kf7
{[%clk 00:06:32]} {[%emt 00:00:02]} 32. c4 {[%clk 00:09:40]} {[%emt 00:00:02]}
c5 {[%clk 00:06:29]} {[%emt 00:00:08]} 33. Nc2 {[%clk 00:09:29]} {[%emt
00:00:17]} Bc6 {[%clk 00:06:20]} {[%emt 00:00:14]} 34. f3 {[%clk 00:09:33]}
{[%emt 00:00:01]} Bd7 {[%clk 00:06:19]} {[%emt 00:00:07]} 35. Kd2 {[%clk
00:09:35]} {[%emt 00:00:02]} Bc6 {[%clk 00:06:08]} {[%emt 00:00:16]} 36. b4
{[%clk 00:09:37]} {[%emt 00:00:03]} Bd7 {[%clk 00:05:38]} {[%emt 00:00:35]} 37.
bxc5 {[%clk 00:09:39]} {[%emt 00:00:03]} Bc6 {[%clk 00:05:39]} {[%emt
00:00:03]} 38. Nd4 {[%clk 00:09:42]} {[%emt 00:00:03]} Bd7 {[%clk 00:05:42]}
{[%emt 00:00:01]} 39. Rd3 {[%clk 00:09:43]} {[%emt 00:00:04]} Ke7 {[%clk
00:05:43]} {[%emt 00:00:05]} 40. c6 {[%clk 00:09:44]} {[%emt 00:00:04]} bxc6
{[%clk 00:05:28]} {[%emt 00:00:19]} 41. c5 {[%clk 00:09:48]} {[%emt 00:00:02]}
Be8 {[%clk 00:05:24]} {[%emt 00:00:09]} 42. Ra3 {[%clk 00:09:52]} {[%emt
00:00:01]} h5 {[%clk 00:05:22]} {[%emt 00:00:07]} 43. Rxa6 {[%clk 00:09:55]}
{[%emt 00:00:02]} Bd7 {[%clk 00:05:25]} {[%emt 00:00:01]} 44. Ra7 {[%clk
00:09:59]} {[%emt 00:00:02]} Kd8 {[%clk 00:05:27]} {[%emt 00:00:02]} 45. a4
{[%clk 00:10:03]} {[%emt 00:00:01]} Kc8 {[%clk 00:05:30]} {[%emt 00:00:02]} 46.
a5 {[%clk 00:10:07]} {[%emt 00:00:02]} Be8 {[%clk 00:05:32]} {[%emt 00:00:03]}
47. a6 {[%emt 00:00:03]} Kb8 {[%clk 00:05:34]} {[%emt 00:00:01]} 48. Re7 {[%clk
00:10:14]} {[%emt 00:00:02]} Bg6 {[%clk 00:05:36]} {[%emt 00:00:03]} 49. Nxc6+
{[%clk 00:10:17]} {[%emt 00:00:02]} Kc8 {[%clk 00:05:39]} {[%emt 00:00:02]} 50.
a7 {[%clk 00:00:00]} {[%emt 00:03:24]} Be8 {[%clk 00:04:54]} {[%emt 00:08:11]}
51. a8=R# {[%emt 00:00:19]} 1-0

[Event "World Youth & Cadets Rapid Championships"]
[Site "Rhodes, Greece"]
[Date "2022.05.01"]
[Round "5.29"]
[White "Safin, Safarullakhan"]
[Black "Pathak, Raghav"]
[Result "1-0"]
[TimeControl "10'/game & 5\"/move"]
[WhiteElo "1355"]
[BlackElo "1415"]

1. e4 {[%clk 00:10:07]} {[%emt 00:00:03]} e6 {[%clk 00:10:08]} {[%emt
00:00:02]} 2. d4 {[%clk 00:10:08]} {[%emt 00:00:04]} d5 {[%clk 00:10:12]}
{[%emt 00:00:01]} 3. e5 {[%clk 00:10:11]} {[%emt 00:00:02]} c5 {[%clk
00:10:16]} {[%emt 00:00:01]} 4. c3 {[%clk 00:10:12]} {[%emt 00:00:04]} Nc6
{[%clk 00:10:20]} {[%emt 00:00:01]} 5. Nf3 {[%clk 00:10:13]} {[%emt 00:00:04]}
Qb6 {[%clk 00:10:24]} {[%emt 00:00:01]} 6. a3 {[%clk 00:10:12]} {[%emt
00:00:06]} a5 {[%clk 00:10:26]} {[%emt 00:00:03]} 7. Be2 {[%clk 00:10:07]}
{[%emt 00:00:10]} Nge7 {[%clk 00:10:26]} {[%emt 00:00:05]} 8. dxc5 {[%clk
00:09:57]} {[%emt 00:00:14]} Qc7 {[%clk 00:10:30]} {[%emt 00:00:02]} 9. Bb5
{[%clk 00:09:51]} {[%emt 00:00:12]} Bd7 {[%clk 00:10:31]} {[%emt 00:00:03]} 10.
Bxc6 {[%clk 00:09:45]} {[%emt 00:00:10]} Nxc6 {[%clk 00:10:34]} {[%emt
00:00:02]} 11. Bf4 {[%clk 00:09:48]} {[%emt 00:00:03]} Bxc5 {[%clk 00:10:36]}
{[%emt 00:00:02]} 12. Nbd2 {[%clk 00:09:47]} {[%emt 00:00:06]} Qb6 {[%clk
00:10:39]} {[%emt 00:00:03]} 13. O-O {[%clk 00:09:39]} {[%emt 00:00:12]} O-O
{[%clk 00:10:42]} {[%emt 00:00:02]} 14. b4 {[%clk 00:09:38]} {[%emt 00:00:07]}
axb4 {[%clk 00:10:45]} {[%emt 00:00:02]} 15. cxb4 {[%clk 00:09:40]} {[%emt
00:00:03]} Be7 {[%clk 00:10:44]} {[%emt 00:00:06]} 16. Nb3 {[%clk 00:09:35]}
{[%emt 00:00:10]} h6 {[%clk 00:10:39]} {[%emt 00:00:10]} 17. Re1 {[%clk
00:09:27]} {[%emt 00:00:13]} Rfd8 {[%clk 00:10:36]} {[%emt 00:00:08]} 18. Be3
{[%clk 00:09:25]} {[%emt 00:00:07]} Qc7 {[%clk 00:10:37]} {[%emt 00:00:03]} 19.
Bc5 {[%clk 00:09:12]} {[%emt 00:00:18]} Bxc5 {[%clk 00:10:34]} {[%emt
00:00:08]} 20. Nxc5 {[%clk 00:09:15]} {[%emt 00:00:02]} b6 {[%clk 00:10:38]}
{[%emt 00:00:03]} 21. Nb3 {[%clk 00:09:14]} {[%emt 00:00:05]} Rac8 {[%clk
00:10:35]} {[%emt 00:00:08]} 22. Rc1 {[%clk 00:09:07]} {[%emt 00:00:12]} Qa7
{[%clk 00:10:33]} {[%emt 00:00:04]} 23. Ra1 {[%clk 00:08:48]} {[%emt 00:00:27]}
Ne7 {[%clk 00:10:26]} {[%emt 00:00:12]} 24. Nbd4 {[%clk 00:08:40]} {[%emt
00:00:13]} Ba4 {[%clk 00:10:29]} {[%emt 00:00:02]} 25. Qd2 {[%clk 00:08:40]}
{[%emt 00:00:05]} Nc6 {[%clk 00:10:32]} {[%emt 00:00:02]} 26. b5 {[%clk
00:08:33]} {[%emt 00:00:12]} Nxd4 {[%clk 00:10:31]} {[%emt 00:00:05]} 27. Nxd4
{[%clk 00:08:35]} {[%emt 00:00:03]} Qb7 {[%clk 00:10:17]} {[%emt 00:00:20]} 28.
Nc6 {[%clk 00:08:33]} {[%emt 00:00:07]} Rd7 {[%clk 00:10:12]} {[%emt 00:00:09]}
29. Nd4 {[%clk 00:08:06]} {[%emt 00:00:33]} Rc5 {[%clk 00:10:08]} {[%emt
00:00:09]} 30. Rab1 {[%clk 00:08:00]} {[%emt 00:00:11]} Rdc7 {[%clk 00:10:11]}
{[%emt 00:00:01]} 31. Rb4 {[%clk 00:07:56]} {[%emt 00:00:10]} Bc2 {[%clk
00:10:12]} {[%emt 00:00:04]} 32. Nc6 {[%clk 00:07:44]} {[%emt 00:00:17]} Bg6
{[%clk 00:09:59]} {[%emt 00:00:17]} 33. a4 {[%clk 00:07:37]} {[%emt 00:00:13]}
R7xc6 {[%clk 00:09:35]} {[%emt 00:00:29]} 34. bxc6 {[%clk 00:07:35]} {[%emt
00:00:07]} Qxc6 {[%clk 00:09:39]} 35. h3 {[%clk 00:07:32]} {[%emt 00:00:07]}
Rc2 {[%clk 00:09:43]} {[%emt 00:00:02]} 36. Qe3 {[%clk 00:07:35]} {[%emt
00:00:02]} Rc3 {[%clk 00:09:40]} {[%emt 00:00:07]} 37. Qxb6 {[%clk 00:07:36]}
{[%emt 00:00:04]} Qd7 {[%clk 00:09:35]} {[%emt 00:00:10]} 38. a5 {[%clk
00:07:37]} {[%emt 00:00:05]} Ra3 {[%clk 00:09:33]} {[%emt 00:00:07]} 39. a6
{[%clk 00:07:38]} {[%emt 00:00:05]} Bd3 {[%clk 00:09:35]} {[%emt 00:00:02]} 40.
Qb7 {[%clk 00:07:35]} {[%emt 00:00:08]} Qd8 {[%clk 00:09:10]} {[%emt 00:00:29]}
41. a7 {[%clk 00:07:37]} {[%emt 00:00:05]} Kh7 {[%clk 00:09:05]} {[%emt
00:00:09]} 42. Rb3 {[%clk 00:07:24]} {[%emt 00:00:18]} Rxb3 {[%clk 00:08:58]}
{[%emt 00:00:11]} 43. Qxb3 {[%clk 00:07:27]} {[%emt 00:00:02]} Bc4 {[%clk
00:09:01]} {[%emt 00:00:03]} 44. Qb8 {[%clk 00:07:29]} {[%emt 00:00:03]} Qa5
{[%clk 00:09:01]} {[%emt 00:00:05]} 45. Rc1 {[%clk 00:07:02]} {[%emt 00:00:32]}
Qd2 {[%clk 00:09:01]} {[%emt 00:00:04]} 46. Rb1 {[%clk 00:06:54]} {[%emt
00:00:15]} Bd3 {[%clk 00:08:57]} {[%emt 00:00:08]} 47. a8=Q {[%clk 00:06:49]}
{[%emt 00:00:10]} Qg5 {[%clk 00:08:54]} {[%emt 00:00:07]} 48. Re1 {[%clk
00:06:43]} {[%emt 00:00:12]} Qd2 {[%clk 00:08:55]} {[%emt 00:00:04]} 49. Re3
{[%clk 00:06:43]} {[%emt 00:00:05]} Be4 {[%clk 00:08:51]} {[%emt 00:00:09]} 50.
Qg8+ {[%clk 00:06:42]} {[%emt 00:00:06]} Kg6 {[%clk 00:08:53]} {[%emt
00:00:03]} 51. Rg3+ {[%clk 00:06:45]} {[%emt 00:00:01]} Kf5 {[%clk 00:08:32]}
{[%emt 00:00:27]} 52. Qxf7+ {[%clk 00:06:41]} {[%emt 00:00:09]} Kxe5 {[%clk
00:08:36]} {[%emt 00:00:02]} 53. Qxg7+ {[%clk 00:06:40]} {[%emt 00:00:05]} Kd6
{[%clk 00:08:37]} {[%emt 00:00:03]} 54. Qd8+ {[%clk 00:06:37]} {[%emt
00:00:09]} Kc5 {[%clk 00:08:39]} {[%emt 00:00:01]} 55. Rc3+ {[%clk 00:06:37]}
{[%emt 00:00:06]} Kb4 {[%clk 00:08:29]} {[%emt 00:00:16]} 56. Qb6+ {[%clk
00:06:34]} {[%emt 00:00:08]} Ka4 {[%clk 00:08:28]} {[%emt 00:00:06]} 57. Qga7#
{[%clk 00:06:28]} {[%emt 00:00:05]} 1-0

[Event "World Youth & Cadets Rapid Championships"]
[Site "Rhodes, Greece"]
[Date "2022.05.01"]
[Round "5.30"]
[White "Zahariev, Velislav"]
[Black "Jakhria, Kushal"]
[Result "0-1"]
[TimeControl "10'/game & 5\"/move"]
[WhiteElo "1071"]
[BlackElo "1367"]

1. e4 {[%clk 00:10:08]} {[%emt 00:00:02]} c5 {[%clk 00:10:10]} 2. Nf3 {[%clk
00:10:08]} {[%emt 00:00:05]} Nc6 {[%clk 00:10:14]} 3. d4 {[%clk 00:10:06]}
{[%emt 00:00:07]} cxd4 {[%clk 00:10:18]} 4. Nxd4 {[%clk 00:10:09]} {[%emt
00:00:01]} Nf6 {[%clk 00:10:23]} 5. Nc3 {[%clk 00:09:59]} {[%emt 00:00:15]} e5
{[%clk 00:10:27]} 6. Ndb5 {[%emt 00:00:07]} d6 7. Nd5 {[%clk 00:09:58]} {[%emt
00:00:05]} Nxd5 8. exd5 {[%clk 00:10:01]} Nb8 {[%clk 00:10:41]} 9. Qf3 {[%clk
00:09:53]} {[%emt 00:00:14]} a6 {[%clk 00:10:45]} {[%emt 00:00:01]} 10. Qa3
{[%clk 00:09:57]} {[%emt 00:00:01]} Be7 {[%clk 00:10:50]} 11. Bd2 {[%clk
00:09:52]} {[%emt 00:00:10]} Bf5 {[%clk 00:10:12]} {[%emt 00:00:42]} 12. Bd3
{[%clk 00:08:52]} {[%emt 00:01:02]} Bxd3 {[%clk 00:09:50]} {[%emt 00:00:29]} 13.
cxd3 {[%clk 00:08:53]} {[%emt 00:00:04]} O-O {[%clk 00:09:49]} {[%emt
00:00:06]} 14. Bb4 {[%clk 00:08:31]} {[%emt 00:00:28]} Qd7 {[%clk 00:08:44]}
{[%emt 00:01:10]} 15. Bxd6 {[%clk 00:04:44]} {[%emt 00:03:52]} axb5 {[%clk
00:08:49]} 16. Qxa8 {[%clk 00:04:39]} {[%emt 00:00:10]} Bxd6 {[%clk 00:08:53]}
17. Qa5 {[%clk 00:03:49]} {[%emt 00:00:57]} Na6 {[%clk 00:08:48]} {[%emt
00:00:09]} 18. a3 {[%clk 00:03:10]} {[%emt 00:00:43]} Rc8 {[%clk 00:08:36]}
{[%emt 00:00:17]} 19. O-O {[%clk 00:02:54]} {[%emt 00:00:21]} Bc5 {[%clk
00:07:46]} {[%emt 00:00:56]} 20. Rac1 {[%clk 00:02:03]} {[%emt 00:00:55]} Ra8
{[%clk 00:07:07]} {[%emt 00:00:43]} 21. Rxc5 {[%clk 00:01:12]} {[%emt
00:00:58]} b4 {[%clk 00:06:55]} {[%emt 00:00:16]} 22. axb4 {[%clk 00:01:00]}
{[%emt 00:00:18]} Qd6 {[%clk 00:06:51]} {[%emt 00:00:10]} 23. Rc2 {[%clk
00:00:37]} {[%emt 00:00:23]} b6 {[%clk 00:06:01]} {[%emt 00:00:59]} 24. Qa3
{[%clk 00:00:24]} {[%emt 00:00:15]} Qxd5 {[%clk 00:05:59]} {[%emt 00:00:08]} 25.
Qc3 {[%clk 00:00:22]} {[%emt 00:00:08]} h6 {[%clk 00:05:54]} {[%emt 00:00:11]}
26. Qc4 {[%clk 00:00:22]} {[%emt 00:00:05]} Qd7 {[%clk 00:05:52]} {[%emt
00:00:07]} 27. Qc6 {[%clk 00:00:23]} {[%emt 00:00:03]} Qxc6 {[%emt 00:00:05]}
28. Rxc6 {[%clk 00:00:25]} Nxb4 {[%clk 00:05:59]} 29. Rxb6 {[%clk 00:00:27]}
{[%emt 00:00:04]} Nxd3 {[%clk 00:06:03]} {[%emt 00:00:02]} 30. b4 {[%clk
00:00:30]} {[%emt 00:00:02]} Kf8 {[%clk 00:06:03]} {[%emt 00:00:05]} 31. b5
{[%clk 00:00:34]} {[%emt 00:00:02]} e4 {[%clk 00:05:30]} {[%emt 00:00:37]} 32.
Ra6 {[%clk 00:00:28]} {[%emt 00:00:11]} Rb8 {[%clk 00:05:32]} {[%emt 00:00:03]}
33. Rb1 {[%clk 00:00:28]} {[%emt 00:00:04]} Nc5 {[%clk 00:05:30]} {[%emt
00:00:07]} 34. Ra7 {[%clk 00:00:30]} {[%emt 00:00:03]} Rb6 {[%clk 00:05:31]}
{[%emt 00:00:05]} 35. Ra2 {[%clk 00:00:29]} {[%emt 00:00:05]} Nd3 {[%clk
00:05:06]} {[%emt 00:00:30]} 36. Rc2 {[%clk 00:00:32]} {[%emt 00:00:02]} Ke7
{[%clk 00:05:00]} {[%emt 00:00:11]} 37. Rc6 {[%clk 00:00:34]} {[%emt 00:00:03]}
Rb7 {[%clk 00:04:54]} {[%emt 00:00:11]} 38. b6 {[%clk 00:00:37]} {[%emt
00:00:02]} Kd7 {[%clk 00:04:59]} 39. Rc7+ {[%clk 00:00:38]} {[%emt 00:00:04]}
Rxc7 {[%clk 00:05:03]} {[%emt 00:00:01]} 40. bxc7 {[%clk 00:00:42]} Kxc7 {[%clk
00:05:07]} 41. Re1 {[%clk 00:00:45]} {[%emt 00:00:03]} Nxe1 {[%clk 00:05:10]}
{[%emt 00:00:02]} 42. Kf1 {[%clk 00:00:43]} {[%emt 00:00:07]} Nd3 {[%clk
00:05:14]} 43. Ke2 {[%clk 00:00:47]} {[%emt 00:00:02]} f5 {[%clk 00:05:19]} 44.
f3 {[%clk 00:00:37]} {[%emt 00:00:15]} g5 {[%clk 00:05:21]} {[%emt 00:00:03]}
45. fxe4 {[%clk 00:00:39]} {[%emt 00:00:02]} fxe4 {[%clk 00:05:26]} {[%emt
00:00:01]} 46. Ke3 {[%clk 00:00:43]} Nc5 {[%clk 00:05:30]} {[%emt 00:00:01]} 47.
Kd4 {[%clk 00:00:44]} {[%emt 00:00:03]} Kd6 {[%clk 00:05:34]} {[%emt 00:00:02]}
48. g4 {[%clk 00:00:43]} {[%emt 00:00:06]} Kc6 {[%clk 00:05:36]} {[%emt
00:00:03]} 49. h3 {[%clk 00:00:46]} {[%emt 00:00:02]} Kb5 {[%clk 00:05:40]} 50.
Ke3 {[%clk 00:00:48]} {[%emt 00:00:03]} Kc4 {[%clk 00:05:44]} 51. Ke2 {[%clk
00:00:48]} {[%emt 00:00:05]} Kd4 {[%clk 00:05:48]} {[%emt 00:00:01]} 52. Kd2
{[%clk 00:00:51]} e3+ {[%clk 00:05:53]} {[%emt 00:00:01]} 53. Ke2 {[%clk
00:00:55]} Ne4 {[%clk 00:05:57]} {[%emt 00:00:01]} 54. Ke1 {[%clk 00:00:57]}
{[%emt 00:00:03]} Kd3 {[%clk 00:06:01]} 55. Kd1 {[%clk 00:01:00]} {[%emt
00:00:02]} Nf2+ {[%clk 00:06:01]} {[%emt 00:00:05]} 56. Ke1 {[%clk 00:01:03]}
{[%emt 00:00:02]} Nxh3 {[%clk 00:06:05]} 57. Kd1 {[%clk 00:01:06]} {[%emt
00:00:02]} Nf2+ {[%clk 00:06:07]} {[%emt 00:00:03]} 58. Ke1 {[%clk 00:01:09]}
{[%emt 00:00:01]} Nxg4 {[%clk 00:06:11]} 59. Kd1 {[%clk 00:01:12]} {[%emt
00:00:02]} h5 {[%clk 00:06:15]} 60. Ke1 {[%clk 00:01:16]} {[%emt 00:00:01]} h4
{[%clk 00:06:20]} 61. Kd1 {[%clk 00:01:19]} {[%emt 00:00:02]} h3 {[%clk
00:06:25]} 62. Ke1 {[%clk 00:01:23]} {[%emt 00:00:01]} h2 {[%clk 00:06:28]}
{[%emt 00:00:02]} 63. Kf1 {[%clk 00:01:24]} {[%emt 00:00:03]} h1=Q# {[%clk
00:06:30]} {[%emt 00:00:04]} 0-1

[Event "World Youth & Cadets Rapid Championships"]
[Site "Rhodes, Greece"]
[Date "2022.05.01"]
[Round "5.31"]
[White "Czarnecka, Lidia"]
[Black "Mirowska, Oliwia"]
[Result "1-0"]
[TimeControl "10'/game & 5\"/move"]
[WhiteElo "1917"]
[BlackElo "1669"]

1. e4 {[%clk 00:10:09]} {[%emt 00:00:01]} a6 {[%clk 00:10:09]} {[%emt
00:00:01]} 2. d4 {[%clk 00:10:09]} {[%emt 00:00:05]} b5 {[%clk 00:10:13]}
{[%emt 00:00:01]} 3. c4 {[%clk 00:09:56]} {[%emt 00:00:18]} bxc4 {[%clk
00:10:14]} {[%emt 00:00:04]} 4. Bxc4 {[%clk 00:10:00]} {[%emt 00:00:01]} g6
{[%clk 00:10:12]} {[%emt 00:00:07]} 5. Nc3 {[%clk 00:10:00]} {[%emt 00:00:05]}
Bg7 {[%clk 00:10:16]} {[%emt 00:00:01]} 6. Nf3 {[%clk 00:09:38]} {[%emt
00:00:27]} d6 {[%clk 00:10:19]} {[%emt 00:00:03]} 7. O-O {[%clk 00:09:29]}
{[%emt 00:00:13]} Nd7 {[%clk 00:10:12]} {[%emt 00:00:12]} 8. Re1 {[%clk
00:09:21]} {[%emt 00:00:13]} Bb7 {[%clk 00:09:34]} {[%emt 00:00:42]} 9. Bxf7+
{[%clk 00:08:42]} {[%emt 00:00:44]} Kxf7 {[%clk 00:08:42]} {[%emt 00:00:58]} 10.
Qb3+ {[%clk 00:08:46]} {[%emt 00:00:02]} Ke8 {[%clk 00:07:51]} {[%emt
00:00:56]} 11. Qxb7 {[%clk 00:06:46]} {[%emt 00:02:04]} e5 {[%clk 00:06:43]}
{[%emt 00:01:13]} 12. Nd5 {[%clk 00:06:26]} {[%emt 00:00:25]} Rc8 {[%clk
00:06:08]} {[%emt 00:00:40]} 13. Bg5 {[%clk 00:06:29]} {[%emt 00:00:02]} Bf6
{[%clk 00:05:45]} {[%emt 00:00:28]} 14. Nxf6+ {[%clk 00:06:28]} {[%emt
00:00:05]} Ngxf6 {[%clk 00:05:49]} {[%emt 00:00:01]} 15. dxe5 {[%clk 00:06:31]}
{[%emt 00:00:03]} dxe5 {[%clk 00:05:48]} {[%emt 00:00:05]} 16. Rad1 {[%clk
00:06:28]} {[%emt 00:00:08]} Ke7 {[%clk 00:04:58]} {[%emt 00:00:56]} 17. Nxe5
{[%clk 00:05:17]} {[%emt 00:01:16]} Nxe5 {[%clk 00:03:51]} {[%emt 00:01:12]} 18.
Rxd8 {[%clk 00:05:21]} {[%emt 00:00:01]} Rhxd8 {[%clk 00:03:54]} {[%emt
00:00:02]} 19. f4 {[%clk 00:05:05]} {[%emt 00:00:21]} Nd3 {[%clk 00:03:43]}
{[%emt 00:00:16]} 20. Rd1 {[%clk 00:04:41]} {[%emt 00:00:29]} Nc5 {[%clk
00:02:16]} {[%emt 00:01:32]} 21. Bxf6+ {[%clk 00:04:45]} {[%emt 00:00:02]} Kxf6
{[%clk 00:02:08]} {[%emt 00:00:12]} 22. Qc6+ {[%clk 00:04:34]} {[%emt
00:00:16]} Ne6 {[%clk 00:02:11]} {[%emt 00:00:01]} 23. Rd5 {[%clk 00:04:33]}
{[%emt 00:00:06]} Rxd5 {[%clk 00:02:08]} {[%emt 00:00:09]} 24. exd5 {[%clk
00:04:36]} {[%emt 00:00:01]} 1-0